00682nam a22002177a 450000500170000001000110001702000100002803500110003803700160004904000120006508200160007724500570009326000330015027000300018330000200021365000350023370000260026894200250029499900190031995201260033820170124110222.0 a414646 c00.00 a414646 bCen Lib/Ret aDPLbEN a364.03bDIC aDictionary of criminology /cedited by Richard Nice  aLondon bVision press c1965 bLondona74A Regent street a210p.c22cm(Hb) aCriminologyvDictionary939976 aNice, Richard 939977 2ddccENh364.03mDIC c134166d134166 001040718REFaLbLd2015-07-29eCen Lib/Retg0.00l0o364.03 DICp414646r2015-07-29 00:00:00t1v0.00w2015-07-29yEN